| 000 | 01262nam a2200325 a 4500 | ||
|---|---|---|---|
| 001 | 000113197 | ||
| 003 | CHAP | ||
| 005 | 20220329144343.0 | ||
| 008 | 170515s2016 mx sm |||||||spa d | ||
| 010 | _a109658 | ||
| 011 | _a110630 | ||
| 040 | _cCHAP | ||
| 090 | _aTesis | ||
| 100 | 1 |
_aValdivia Pérez, Sobed _9117318 |
|
| 245 | 1 | 0 |
_aManejo químico, orgánico y biológico de Polyphagotarsonemus latus (Banks), papaya ring spot potyvirus, (PRSV-p) y Colletotrichum gloesporioides (PENZ) en papaya maradol _h[En línea] _cpor Sobed Valdivia Pérez. |
| 260 |
_aChapingo, Méx. : _bEl autor, _c2016. |
||
| 500 | _aPara ver el contenido del material haga clic en la liga | ||
| 502 | _aTesis (M.C. en Protección Vegetal) -- UACH. Departamento de Parasitología Agrícola | ||
| 590 |
_aE11695DGD _b10 _c20170517 _lUCH01 _h1212 |
||
| 590 |
_aE5765TAJ _b05 _c20170515 _lUCH01 _h0928 |
||
| 590 |
_aE5765TAJ _b05 _c20170515 _lUCH01 _h0928 |
||
| 650 | 1 | 4 |
_aAntracnosis de la papaya _96115 |
| 650 | 1 | 4 |
_aPapaya _xEnfermedades por virus. _985335 |
| 650 | 1 | 4 |
_aPapaya _xEnfermedades _xControl. _9132196 |
| 650 | 1 | 4 |
_aPapaya _xPlagas. _985350 |
| 856 |
_aFinding aid _uhttp://10.13.5.2/tesis/sist113197.pdf _zTeclea aquí |
||
| 901 | _aBK | ||
| 942 | _cTESIS | ||
| 942 | _n0 | ||
| 999 |
_c109658 _d109658 |
||